000 00692pam a2200229 a 4500
001 3449046
005 20180212031452.0
008 920317s1993 nyua b 001 0 eng
010 _a 92012006
020 _a0060438479
040 _aDLC
_cDLC
_dDLC
041 _aeng
080 _a330.015.195 LEO
082 0 0 _a330.015.195 LEO
_220
100 1 _a52
101 _aECO
245 1 0 _aApplied econometrics /
_cLeonard Lardaro.
504 _aIncludes bibliographical references and index.
906 _a7
_bcbc
_corignew
_d1
_eocip
_f19
_gy-gencatlg
942 _2ddc
_cBK
999 _c42273
_d42273